000 00910cam a2200241 i 4500
001 4096535
005 20241113142254.0
008 750417s1975 ilu b 000 0 eng
020 _a0802401430 :
_c$2.25
050 0 0 _aBT981
_b.B75
082 0 0 _a248/.48/61
100 1 _aBubeck, Mark I.
245 1 4 _aThe adversary :
_bthe Christian versus demon activity /
_cMark I. Bubeck.
260 _aChicago :
_bMoody Press,
_c[1975]
300 _a160 p. ;
_c22 cm.
650 0 _aTheology
_xChristianity.
650 0 _aDemonology.
650 0 _aChristian life
_xBaptist authors.
856 4 2 _3Publisher description
_uhttp://www.loc.gov/catdir/enhancements/fy0609/74015343-d.html
856 4 2 _3Contributor biographical information
_uhttp://www.loc.gov/catdir/enhancements/fy1211/74015343-b.html
856 4 1 _3Table of contents only
_uhttp://www.loc.gov/catdir/enhancements/fy1211/74015343-t.html
942 _2lcc
_cBK
_n0
999 _c1125
_d1125